| 000 | 00377nam a22001337a 4500 | ||
|---|---|---|---|
| 005 | 20260210101934.0 | ||
| 008 | 260210b |||||||| |||| 00| 0 eng d | ||
| 020 | _a9789352691852 | ||
| 100 | _aRani Anju | ||
| 245 |
_aLaboratory Experiment in Microbiology _c/Anju Rani |
||
| 260 |
_aNew Delhi; _bRandom Publications; _c2019. |
||
| 300 |
_aviii, 276p,ill ; _c24cm |
||
| 942 |
_2ddc _cBK _n0 |
||
| 999 |
_c146 _d146 |
||